Calling all consultants (Record no. 120486)

MARC details
000 -LEADER
fixed length control field 00972cam a2200157 4500
001 - CONTROL NUMBER
control field ##L133423
008 - FIXED-LENGTH DATA ELEMENTS--GENERAL INFORMATION
fixed length control field 060508n 000 0 eng u
035 ## - SYSTEM CONTROL NUMBER
System control number (Sirsi) u133423
041 0# - LANGUAGE CODE
Language code of text/sound track or separate title eng
110 2# - MAIN ENTRY--CORPORATE NAME
Corporate name or jurisdiction name as entry element Chartered Institute of Building
9 (RLIN) 2134
245 00 - TITLE STATEMENT
Title Calling all consultants
520 ## - SUMMARY, ETC.
Summary, etc. A new scheme has been launched aimed at encouraging and facilitating corporate social responsibility amongst property related consultants. Property Advice for London will provide a match-making service for London-based registered charities. They will be able to get free property and construction consultancy on everything from refurbishments, leasing, relocation and service charges. The scheme will be run by CIC London (Construction Industry Council) and the Royal Institution of Chartered Surveyors, and sponsored by Barclays Bank.
690 ## - LOCAL SUBJECT ADDED ENTRY--TOPICAL TERM (OCLC, RLIN)
Topical term or geographic name as entry element Block management
9 (RLIN) 6220
856 40 - ELECTRONIC LOCATION AND ACCESS
Uniform Resource Identifier <a href="www.ciob.org.uk">www.ciob.org.uk</a>
Public note View the website free of charge at www.ciob.org.uk...
942 ## - ADDED ENTRY ELEMENTS (KOHA)
Suppress in OPAC 0
Holdings
Withdrawn status Lost status Source of classification or shelving scheme Damaged status Not for loan Home library Current library Shelving location Date acquired Total Checkouts Full call number Barcode Date last seen Copy number Price effective from Koha item type
    Dewey Decimal Classification     Virtual Virtual Online 08/05/2006   ONLINE PUBLICATION 133423-1001 06/08/2019 1 06/08/2019 Online material